Technika ľahkoatletických disciplín - skoky ...učeb. text pre internú potrebu štud. FTVŠ UK...

Bibliographic Details
Main Authors: Šimonek, Jaroslav (Author), Varga, I. (Author), Koštial, J. (Author)
Format: Book
Language:Slovak
PhysicalDescription:79, [1] s. grafy, ilustr., tab. 4°
Published: Bratislava UK 1974
Edition:1. vyd.
Series:Vysokoškolské skriptá
Subjects:

MARC

LEADER 00000cam a2200000 a 4500
001 vtls008356329
003 SK-MaSNL
005 20260301142821.0
008 240314s1974 xo a p 000 0 slo
015 |a SNBA1974/10-02750 
035 |a SK01SNK19740048546 
035 |a SKM000051009 
040 |a SNK  |b slo  |c SNK  |e AACR2 
041 0 |a slo 
044 |a xo  |c SK 
080 |a 796.431(075.8)  |2 1981 
100 1 |a Šimonek, Jaroslav  |4 aut  |9 47149 
245 1 0 |a Technika ľahkoatletických disciplín - skoky  |b ...učeb. text pre internú potrebu štud. FTVŠ UK...  |c autori: J. Šimonek, I. Varga, J. Koštial 
250 |a 1. vyd. 
260 |a Bratislava  |b UK  |c 1974 
300 |a 79, [1] s.  |b grafy, ilustr., tab.  |c 4° 
366 |e 150 výt. 
490 1 |a Vysokoškolské skriptá 
504 |a Bibliogr. 
650 0 7 |a skoky  |2 SNKPH  |9 29988 
650 0 7 |a atletika  |2 SNKPH  |9 3279 
655 7 |a učebnice vysokých škôl  |2 SNKPH  |9 70191 
700 1 |a Varga, I.  |4 aut  |9 498904 
700 1 |a Koštial, J.  |4 aut  |9 498905 
830 0 |a Vysokoškolské skriptá  |9 276440 
852 |a Slovenská národná knižnica v Martine  |b 10000  |h SB 21332 
852 |a Slovenská národná knižnica v Martine  |b 10000  |h SB 21332 D1 
958 |a OND 
958 |a RM 
958 |a UV 
958 |a NB 
958 |a RK 
999 |c 771577  |d 773507 
952 |a SNK  |b SNK  |y PREZ  |7 0  |p 17A0902280  |o snkSB 21332  |i snkKSP 6977/74  |0 0  |1 0  |4 0  |d 2014-04-17  |f 1  |l 0  |r 2025-03-24 00:00:00  |w 2026-02-24 
952 |a SNK  |b SNK  |y VYP  |7 0  |o snkSB 21332 D1  |i snkKSP 6978/74  |0 0  |1 0  |4 0  |d 2014-04-17  |l 0  |r 2026-02-24 00:37:16  |w 2026-02-24